| 000 | 00391pab a2200157 454500 | ||
|---|---|---|---|
| 008 | 180718b2001 xxu||||| |||| 00| 0 eng d | ||
| 100 | _aShafi, Sayed S. | ||
| 245 | _aWhy Chandigarh deserves to be saved? | ||
| 260 | _c2001 | ||
| 300 | _ap.1-7 | ||
| 362 | _aJan-Mar | ||
| 650 | _aUrban development - India - Punjab | ||
| 650 | _aUrban development | ||
| 773 | _aNagarlok | ||
| 909 | _a51348 | ||
| 999 |
_c51348 _d51348 |
||